| 000 | 01005cab a2200241 4500 | ||
|---|---|---|---|
| 001 | ##L135288 | ||
| 008 | 061010n2006 000 0 eng u | ||
| 035 | _a(Sirsi) u135288 | ||
| 041 | 0 | _aeng | |
| 100 | _aRyland, Jane | ||
| 245 | 0 | 0 | _aInto extra time and out of pocket |
| 260 | _c2006 | ||
| 490 | 0 |
_aNew Law Journal _v156(7243) 6 October 2006, 1494-1495(2) |
|
| 520 | _aIn light of the problematic Wembley Stadium project, article examines the challenges faced by the Olympic Delivery Authority (ODA) in delivering the 2012 Olympic Games on time and to budget. Looks at EU procurement rules; the ODA's delivery partner, the CLM consortium; the use of NEC3 and dispute resolution; risk management; communication; insolvency; and health and safety. | ||
| 590 | _aIKA171006 | ||
| 650 | 2 | 4 | _aOLYMPIC GAMES 2012 |
| 650 | 2 | 4 | _aWEMBLEY STADIUM |
| 650 | 2 | 4 | _aNEW ENGINEERING CONTRACT (THIRD EDITION) |
| 651 | 4 | _aLONDON | |
| 651 | 4 |
_aUnited Kingdom _y |
|
| 690 |
_aProcurement _96260 |
||
| 942 | _n0 | ||
| 999 |
_c77858 _d77858 |
||